00789nam a22001937a 4500003000900000008004100009040007100050082002000121245007200141260005200213300004400265440003400309505013000343650002400473650001500497650001300512700003600525700003400561AR-CdUCM190425b ||||| |||| 00| 0 spa d aMUNICIPALIDAD PROVINCIAL DEL CUSCOcBIBLIOTECA MUNICIPAL DEL CUSCO aSur/N°227/1992 aSur :bsemanario regional surandino /cGuido Delran Cousy, Director aCusco.bCentro Bartolomé de las Casas,c1992. a8 páginas. :bilustraciones ;c29 cm. aSur.nAño XIV, N°227,1992. aContenido: Los alcaldes del Cusco tienen la palabra. -- Programa de Antropología de la UNSAAC fructífero medio siglo. ... aSociedad cusqueña aPolítica aSiglo XX aValderrama Fernández, Ricardo aEscalante Gutiérrez, Carmen